Missing Word: Shopping! Quiz Stats

 Plays Quiz Updated Jul 28, 2016

Challenge
Share
Tweet
Embed
Score 0/20 Timer 03:00
0 Plays Today
Store Word % Correct
Toys 'R' __Us
98.4%
Bed, ____ and BeyondBath
94.7%
Barnes & _____Noble
94%
_____ LaurenRalph
93.8%
Abercrombie & _____Fitch
93.8%
____ LockerFoot
93.5%
____ BuyBest
92.8%
The Pottery ____Barn
91.7%
___ NavyOld
91%
Payless _____Shoes
87.6%
Store Word % Correct
J.C. ______ Co.Penney
87.6%
____ 1 ImportsPier
85.2%
Burlington ____ FactoryCoat
84%
L. L. ____Bean
83.3%
_______ 21Forever
82%
Neiman _____Marcus
78.8%
Rite ___Aid
75.9%
American _____ OutfittersEagle
74.9%
Hobby _____ StoresLobby
72.3%
_____ & SpencerMarks
31.5%

Today's Daily Dose

Missing Word
Witch Songs

Word Ladder
Alabama

Quick Pick
Fanta Flavors

On This Day
October 15th II

You're not logged in!

Compare scores with friends on all Sporcle quizzes.
Join for Free
OR
Log In

You Might Also Like...

Show Comments

Extras

Top Quizzes Today


Score Distribution

Your Account Isn't Verified!

In order to create a playlist on Sporcle, you need to verify the email address you used during registration. Go to your Sporcle Settings to finish the process.

Report this User

Report this user for behavior that violates our Community Guidelines.

Details: